| 000 | 00631nam a22002172 4500 | ||
|---|---|---|---|
| 001 | 0000021319 | ||
| 005 | 20151217152229.0 | ||
| 008 | 120314s xx 000 0 eng d | ||
| 020 | _a8131733493 : | ||
| 040 |
_aKABU _cKABU |
||
| 100 | 1 |
_aWatson, Tony J. _@0000182136 |
|
| 245 | 1 | 0 |
_aOrganising and managing work / _cTony J. Watson. |
| 250 | _a2nd ed. | ||
| 260 |
_aNew Delhi : _bPearson, _c2010. |
||
| 300 | _axxvii, 497 p. | ||
| 650 | 0 |
_aManagement. _@0000083920 |
|
| 650 | 0 |
_aOrganizational effectiveness. _@0000150612 |
|
| 852 | 1 | _9p4630 KES | |
| 908 | _a120314 | ||
| 950 | _@1 | ||
| 999 |
_c9635 _d9635 |
||